1982 FIFA World Cup Quiz - Statistics

General Stats
  • This quiz has been taken 214 times
  • The average score is 19 of 24
Answer Stats
Answer % Correct
West Germany
98%
Argentina
97%
Brazil
97%
Spain
96%
England
95%
Italy
95%
France
94%
Poland
86%
Soviet Union
86%
Belgium
82%
Scotland
82%
Austria
81%
Chile
81%
Yugoslavia
81%
Cameroon
79%
Hungary
78%
Peru
78%
Algeria
75%
Czechoslovakia
73%
New Zealand
63%
Northern Ireland
63%
Honduras
60%
El Salvador
59%
Kuwait
59%
No matching quizzes found
Score Distribution
Percent of People with Each Score
Percentile by Number Answered
Your Score History
You have not taken this quiz